Lineamenti di storia della giurisprudenza europea.
Guardat en:
| Autor principal: | |
|---|---|
| Format: | Llibre |
| Idioma: | italià |
| Publicat: |
Torino, Italia:
Giappichelli,
1976.
|
| Edició: | Seconda edizione. |
| Matèries: | |
| Etiquetes: |
Afegir etiqueta
Sense etiquetes, Sigues el primer a etiquetar aquest registre!
|
MARC
| LEADER | 00000nam a2200000 a 4500 | ||
|---|---|---|---|
| 001 | UCY6591 | ||
| 003 | CL-VaPUC | ||
| 005 | 20220822114325.0 | ||
| 008 | 950529e19760000IT |||||||||||||||||ita|d | ||
| 999 | |c 234147 |d 234145 | ||
| 040 | |c Pontificia Universidad Católica de Valparaíso | ||
| 082 | 0 | 4 | |a 348.04 CAN 1976 |2 21 |
| 100 | 0 | |a Cannata, Carlo Augusto |e author |9 336596 | |
| 245 | 1 | 0 | |a Lineamenti di storia della giurisprudenza europea. |
| 250 | |a Seconda edizione. | ||
| 260 | |a Torino, Italia: |b Giappichelli, |c 1976. | ||
| 300 | |a 2 Volúmenes. | ||
| 500 | |a c.2 Volumen II: Donación Familia Prof. Alejandro Guzmán Brito. | ||
| 505 | |a v.I: La giurisprudenza romana e il passagio dall' antichita al medioevo. v.II: Del medioevo all' epoca contemporanea. | ||
| 583 | |a last modification |c 19950529 00:00:00 |k Rodrigo Vera | ||
| 650 | 0 | |a Jurisprudencia |9 255952 | |
| 651 | 0 | |a Italia |9 254949 | |
| 942 | |c BK |2 ddc |n 0 | ||
| 945 | |d 19950529 00:00:00 |a aalvarez | ||
| 952 | |0 0 |1 0 |4 0 |6 348_040000000000000_CAN_1976 |7 0 |8 A |9 240170 |a BIBDER |b BIBDER |d 2019-11-18 |h v.2 |i 2000679 |o 348.04 CAN 1976 |p 2000679 |r 2019-11-18 |w 2019-11-18 |y BK |k DER | ||
| 952 | |0 0 |1 0 |4 0 |6 348_040000000000000_CAN_1976 |7 0 |8 DER_HIS |9 240171 |a BIBDER |b BIBDER |d 2019-11-18 |h v.1 |i 2001233 |l 1 |o 348.04 CAN 1976 |p 2001233 |r 2023-01-25 |s 2020-03-19 |w 2019-11-18 |x Ubicación 4to Piso |y BK |z Estos recursos deben solicitarse con anticipación |k DER | ||
| 952 | |0 0 |1 0 |4 0 |6 348_040000000000000_CAN_1976 |7 0 |8 A |9 240172 |a BIBDER |b BIBDER |d 2019-11-18 |h v.1 |i 1887483 |o 348.04 CAN 1976 |p 1887483 |r 2019-11-18 |w 2019-11-18 |y BK |k DER | ||
| 952 | |0 0 |1 0 |2 ddc |4 0 |6 348_040000000000000_CAN_1976 |7 1 |8 C_AGB |9 581230 |a BIBDER |b BIBDER |d 2022-02-08 |e Donación |h v.II |i 5645778 |o 348.04 CAN 1976 |p 5645778 |r 2023-01-25 |t 2 |w 2022-02-08 |y BK_US |k AGB | ||